La Comuna de Berlín /

Salvato in:
Dettagli Bibliografici
Autore principale: Luxemburgo, Rosa
Altri autori: Liebknecht, Carlos
Natura: testo
Pubblicazione: México D.F.: Grijalbo
Tags: Aggiungi Tag
Nessun Tag, puoi essere il primo ad aggiungerne!!

MARC

LEADER 00000 a a2200000 04500
001 22430
003
040
090 |a 151800  
100 |a Luxemburgo, Rosa  
245 |a La Comuna de Berlín /  |c Rosa Luxemburgo  
260 |a México D.F.:   |b Grijalbo  
300 |a 157 p.  
700 |a Liebknecht, Carlos  
999 |c 12741  |d 12741